[Štefánik, Milan Rastislav - v mieste pôsobenia, Washington, USA]

Zobrazenie: Milan Rastislav Štefánik s účastníkmi porady českých a slovenských krajanských pracovníkov v Congress Hall Hotel vo Washingtone 1.7.1917. Na obr.: zľava Aleš Hrdlička, Ivan Bielek, Albert Mamatej, Karel Pergler, M. R. Štefánik, Emanuel Viktor Voska, Ludvík Fisher, Ivan Daxner, Ferdinand...

Full description

Bibliographic Details
Corporate Author: The Muenzer Studio (Washington (D.C.), USA) (Author)
Format: Photo
Language:English
PhysicalDescription:1 fotografia v hnedom tóne 21 x 26 cm
Published: [S.l. s.n.] 1917
Subjects:

MARC

LEADER 00000nkmaa2200000 a 4500
001 vtls011864727
003 SK-MaSNL
005 20260302022646.0
007 kh ao
008 230802e1917 dcu | |||0 k|eng
035 |a urn:nbn:sk:snk-km00eiwo 
035 |a urn:nbn:sk:snk-km45wkj 
035 |a 7606C0CC-067E-48C8-86A7-58B3DED139D0 
040 |a SNKLA  |b slo  |c SNKLA  |e AACR2 
041 0 |a eng 
044 |a dcu  |c US 
110 2 |a The Muenzer Studio (Washington (D.C.), USA)  |4 aut  |9 668451 
245 1 0 |a [Štefánik, Milan Rastislav - v mieste pôsobenia, Washington, USA]  |h grafika 
260 |a [S.l.  |b s.n.]  |c 1917 
300 |a 1 fotografia  |b v hnedom tóne  |c 21 x 26 cm 
520 2 |a Zobrazenie: Milan Rastislav Štefánik s účastníkmi porady českých a slovenských krajanských pracovníkov v Congress Hall Hotel vo Washingtone 1.7.1917. Na obr.: zľava Aleš Hrdlička, Ivan Bielek, Albert Mamatej, Karel Pergler, M. R. Štefánik, Emanuel Viktor Voska, Ludvík Fisher, Ivan Daxner, Ferdinand Písecký. 
600 1 7 |a Štefánik, Milan Rastislav,  |d 1880-1919  |2 SNKMA  |9 86219 
600 1 7 |a Hrdlička, Aleš,  |d 1869-1943  |2 SNKMA  |9 132853 
600 1 7 |a Bielek, Ivan,  |d 1886-1942  |2 SNKMA  |9 260201 
600 1 7 |a Mamatey, Albert,  |d 1870-1923  |2 SNKMA  |9 118886 
600 1 7 |a Pergler, Karel,  |d 1882-1954  |2 SNKMA  |9 384101 
600 1 7 |a Voska, Emanuel Viktor,  |d 1875-1960  |2 SNKMA  |9 189452 
600 1 7 |a Fisher, Ludvík,  |d 1880-1945  |2 SNKMA  |9 668452 
600 1 7 |a Daxner, Ivan,  |d 1860-1935  |2 SNKMA  |9 182106 
600 1 7 |a Písecký, Ferdinand,  |d 1879-1934  |2 SNKMA  |9 117605 
651 7 |a Washington (D.C.)  |2 SNKPH  |9 56312 
655 7 |a fotografie  |2 SNKPH  |9 70713 
852 |a Slovenská národná knižnica  |b Literárny archív 
852 7 |a Slovenská národná knižnica  |b Literárny archív 
958 |a ZO 
958 |a BLA 
999 |c 1033607  |d 1035537 
952 |a SNKLA  |b SNKLA  |c SNKLA_DEP  |y NEVYP  |7 0  |p 17A1309844  |o snkSŠ 51/280  |i snkLA 1134/1988  |0 0  |1 0  |4 0  |d 2019-05-07  |f 1  |l 0  |r 2026-02-24 14:01:21  |w 2026-02-24